000 00567nam a2200181Ia 4500
001 7846
005 20260306160525.0
008 260306t2004||||xx |||||||||||||| ||spa||
041 _aESP
082 _a362.91
_bD36
100 _aDEVIDA. Comisión Nacional para el Desarrollo y Vida sin Drogas
_eAUT
245 0 _aManual de formación de formadores:
_bEl facilitador en el desarrollo de cursos orientados a la reducción de la demanda de drogas
260 _c2004
300 _a99 páginas :
_c29 cm.
650 _aGEN
654 _aCED
942 _cLIB
_dJUS
_fJUS
_2ddc
_n
999 _c7846
_d7846